| 000 | 00503nam a22001457a 4500 | ||
|---|---|---|---|
| 005 | 20251125114213.0 | ||
| 008 | 251125b |||||||| |||| 00| 0 eng d | ||
| 020 | _a978-1-4057-9768-9 | ||
| 100 | _aREAD, JAMES S. | ||
| 245 | _aLAW REPORTS OF THE COMMONWEALTH 2015 | ||
| 260 |
_aLONDON _bLEXISNEXIS _c2015 |
||
| 300 | _aXXV, 812P. | ||
| 650 | _a1.LAW REPORTS, DIGESTS, ETC -COMMON WEALTH COUNTRIES 2. LAW - COMMONWEALTH COUNTRIES - CASES 3. COMPARATIVE LAW - COMMONWEALTH COUNTRIES | ||
| 942 |
_2lcc _cREF |
||
| 999 |
_c216280 _d216280 |
||